|
|
|
|
| LEADER |
01030nam a2200277 a 4500 |
| 001 |
4018002 |
| 008 |
091121s1998 enka 001 0 eng d |
| 010 |
|
|
|a 97038500
|
| 020 |
|
|
|a 0133562549 (pbk. : alk. paper)
|
| 040 |
|
|
|a DLC
|c DLC
|d DLC
|
| 082 |
0 |
0 |
|a 330
|2 21
|
| 100 |
1 |
|
|a Sloman, John,
|d 1947-
|
| 245 |
1 |
0 |
|a Economics for business /
|c John Sloman and Mark Sutcliffe.
|
| 260 |
|
|
|a London ;
|a New York :
|b Prentice Hall,
|c 1998.
|
| 300 |
|
|
|a xvi, 607, [22] p. :
|b col. ill. ;
|c 25 cm.
|
| 504 |
|
|
|a Includes index.
|
| 541 |
1 |
|
|e 00010461
|
| 650 |
|
0 |
|a Economics.
|
| 650 |
|
0 |
|a Business.
|
| 650 |
|
0 |
|a Commerce.
|
| 651 |
|
0 |
|a Great Britain
|x Economic policy
|y 1945-
|
| 651 |
|
0 |
|a Great Britain
|x Commercial policy.
|
| 700 |
1 |
|
|a Sutcliffe, Mark,
|c M.Sc.
|
| 852 |
4 |
|
|a Ayesha Abed Library
|j General Shelf
|
| 999 |
|
|
|c 5754
|d 5754
|
| 952 |
|
|
|0 0
|1 0
|2 ddc
|4 0
|6 330_SLO_199800000000000
|7 0
|9 5692
|a BRACUL
|b BRACUL
|c GEN
|d 2009-11-22
|g 0.00
|l 1
|m 3
|o 330 SLO
|p 3010010461
|r 2015-09-08
|s 2015-08-16
|t 1
|w 2009-11-22
|y BK
|x No price found in the accession register.
|